Normal view
MARC view
- Jahnes, Matthew.
Entry Personal Name
001 - CONTROL NUMBER
- control field: 56236
003 - CONTROL NUMBER IDENTIFIER
- control field: OSt
005 - DATE AND TIME OF LATEST TRANSACTION
- control field: 20240405133540.0
008 - FIXED-LENGTH DATA ELEMENTS
- fixed length control field: 240405|| aca||aabn | a|a d
040 ## - CATALOGING SOURCE
- Original cataloging agency: OSt
- Transcribing agency: OSt
100 ## - HEADING--PERSONAL NAME
- Personal name: Jahnes, Matthew.
- Relator term: author.
670 ## - SOURCE DATA FOUND
- Source citation: Work cat.: (OSt): Zhou, Liwei. author. 56235, Modular model predictive control of a 15-kW, kilo-to-mega-hertz variable-frequency critical-soft-switching nonisolated grid-tied inverter with high efficiency /, October 2022.
